• 首页
  • 本馆介绍
  • 公告通知
  • 最新文献
  • 馆藏检索
  • 电子资源
  • 读者导购
  • 参考咨询
  • 我的图书馆
  • 登录
  • 详细信息显示
  • 放入我的书架
  • 预约/预借图书
  • 作者相关作品
  • 分类相关作品
  • 丛书相关作品
  • 出版社相关作品

书目信息

  • 表格格式
  • 工作单格式
  • 卡片格式
题名:
图学基础教程习题集
    
 
作者: 谭建荣 编
分册:  
出版信息: 北京   高等教育出版社  2006.05
页数: 126页
开本: 19cm
丛书名:
单 册:
中图分类: TB23-44
科图分类:
主题词: 工程制图
电子资源:
ISBN: 978-7-04-019211-7
000 00641nam0 2200217 450
001 0859897743
005 20081211164045.70
010    @a978-7-04-019211-7@dCNY11.30
100    @a20081211d2006 km y0chiy0120 ea
101 0  @achi
102    @aCN@b110000
200 1  @a图学基础教程习题集@Atu xue ji chu jiao cheng xi ti ji@f谭建荣等编@Ftan jian rong deng bian
205    @a2版
210    @a北京@c高等教育出版社@d2006.05
215    @a126页@d19cm
300    @a普通高等教育"十一五"国家级规划教材
606 0  @a工程制图
690    @aTB23-44@v4
701  0 @a谭建荣@Atan jian rong@4编
801  0 @aCN@bNISOFT@c20081211
905    @aBZT@dTB23-44@e2@f5
    
    图学基础教程习题集/谭建荣等编.-2版.-北京:高等教育出版社,2006.05
    126页;19cm
    普通高等教育"十一五"国家级规划教材
    
    ISBN 978-7-04-019211-7:CNY11.30
    
●
相关链接 在五车中查询图书 在当当中查询图书 在豆瓣中查询图书


正题名:图学基础教程习题集     索取号:TB23-44/2         预约/预借

序号 登录号 条形码 馆藏地/架位号 状态 备注
1 0690023   2000690023   中心书库中库/ 中库030架B面2列2层62/ [索取号:TB23-44/2] 在馆    
2 0690024   2000690024   中心书库中库/ 中库030架B面2列2层65/ [索取号:TB23-44/2] 在馆    
3 0690025   2000690025   中心书库中库/ 中库030架B面2列2层63/ [索取号:TB23-44/2] 在馆    
4 0690026   2000690026   中心书库中库/ 中库030架B面2列2层64/ [索取号:TB23-44/2] 在馆    
山东省滨州职业学院图书馆 欢迎您!
大连网信软件有限公司© 版权所有